00696 2200253 4500001002100000005001700021008004100038020002200079035002500101040001200126082001800138084001800156090001800174100001800192245005800210250001000268260003400278300003400312504002600346650001700372700001900389850001200408990002200420INLIS00000000000366020150409130922.0  a978-979-8418-86-7 a0010-041500000000726 aYOPDYOG aDEP 061 Yoy R aDEP 061 Yoy R aDEP 061 Yoy R aYOYON SURYONO aRumah pintar /cYoyon Suryono ; editor Maman Suryaman aCet.1 aYogyakarta:bUNY Press,c2012 avi, 161 hlm .;bilus.;c23 cm aBibliografi : hlm 159 aRumah Pintar aMaman Suryaman aYOPDYOG aCB-D.11 2012-2403